Το φύλο στο επάγγελμα του οι διαστάσεις του προβλήματος και οι απόψεις των εκπαιδευτικών πάνω σε αυτό ; διπλωματική εργασία

Αποθηκεύτηκε σε:
Λεπτομέρειες βιβλιογραφικής εγγραφής
Κύριος συγγραφέας: Αρσένου, Βαϊα
Άλλοι συγγραφείς: Στεφανίδη, Γεωργία, Xατζηδιαμαντή, Μαρία, Φώκιαλη, Περσεφόνη (Εισηγητής διατριβής), Βιτσιλάκη, Χρυσή (Εισηγητής διατριβής), Βρυωνίδης, Μάριος (Εισηγητής διατριβής)
Μορφή: Thesis Βιβλίο
Γλώσσα:Greek
Δημοσίευση: Ρόδος : Πανεπιστήμιο Αιγαίου, Σχολή Ανθρωπιστικών Επιστημών, Τμήμα επιστημών της Προσχολικής Αγωγής και του Εκπαιδευτικού Σχεδιασμού, 2005.
Θέματα:
Ετικέτες: Προσθήκη ετικέτας
Δεν υπάρχουν, Καταχωρήστε ετικέτα πρώτοι!

MARC

LEADER 00000cam a2200000 i 4500
001 1/79451
008 050627s2005 gre d
035 |l 10078760 
040 |a GR-MY-UA  |b gre  |e aacr 
041 0 |a gre 
082 7 |a 370.1934   |2 (22) 
100 1 |a Αρσένου, Βαϊα. 
245 1 3 |a Το φύλο στο επάγγελμα του / της εκπαιδευτικού :   |b οι διαστάσεις του προβλήματος και οι απόψεις των εκπαιδευτικών πάνω σε αυτό ; διπλωματική εργασία /   |c Βαϊα Αρσένου, Γεωργία Στεφανίδη, Μαρία Χατζηδιαμαντή ; εξεταστική επιτροπή: Πέρσα Φώκιαλη, Χρυσή Βιτσιλάκη- Σορωνιάτη, Μάριος Βρυωνίδης.  
260 |a Ρόδος :   |b Πανεπιστήμιο Αιγαίου, Σχολή Ανθρωπιστικών Επιστημών, Τμήμα επιστημών της Προσχολικής Αγωγής και του Εκπαιδευτικού Σχεδιασμού,   |c 2005.  
300 |a 126 σ. :   |b διαγρ. ;   |c 30 εκ. 
502 |a Πτυχιακή εργασία - Πανεπιστήμιο Αιγαίου, Ρόδος, 2005. 
504 |a Περιέχει βιβλιογραφικές παραπομπές.  
610 2 0 |a University of the Aegean  |x Dissertations. 
650 0 0 |a Educational equalization  |z Greece. 
650 0 0 |a Sex discrimination in education. 
650 0 0 |a Dissertations, Academic  |z Greece. 
700 1 |a Στεφανίδη, Γεωργία. 
700 1 |a Xατζηδιαμαντή, Μαρία. 
700 1 |a Φώκιαλη, Περσεφόνη.  |4 ths 
700 1 |a Βιτσιλάκη, Χρυσή.  |4 ths 
700 1 |a Βρυωνίδης, Μάριος.  |4 ths 
852 |a INST  |b RHODES  |c DIATR  |e 20050627  |h 370.1934 ΑΡΣ  |p 005400023183  |q 005400023183  |t DIE  |y 23 
852 |a INST  |b RHODES  |c DIATR  |e 20050627  |h 370.1934 ΑΡΣ  |p 005400023184  |q 005400023184  |t DIE  |y 23 
901 |a BIBL4-2005-2 
909 |a Ρ  |b 110956 
909 |a Ρ  |b 110957 
924 |a Αρσένου  |b Βαϊα  |y Ρόδος  |z 2005-06 
924 |a Στεφανίδη  |b Γεωργία  |y Ρόδος  |z 2005-06 
924 |a Χατζηδιαμαντή  |b Μαρία  |y Ρόδος  |z 2005-06 
970 |a ΣΙΔΕΡΗ  |b ΝΕΚΤΑΡΙΑ  |z 2005/06/27